[Event "Perm op 06"]
[Site "Perm"]
[Date "2010.06.29"]
[Round "8"]
[White "Karpenko, Alexander"]
[Black "Orekhov, Viktor"]
[Result "0-1"]
[WhiteElo "2134"]
[BlackElo "2256"]
[PlyCount "53"]
[EventDate "2010.06.21"]
[EventType "swiss"]
[EventRounds "9"]
[EventCountry "RUS"]
[SourceTitle "CBM 137 Extra"]
[Source "ChessBase"]
[SourceDate "2010.09.01"]
[SourceVersion "1"]
[SourceVersionDate "2010.09.01"]
[SourceQuality "1"]

1. Nf3 d6 2. g3 e5 3. d3 Bg4 4. Bg2 Nc6 5. c4 Qd7 6. h3 Bh5 7. Nc3 Nf6 8. Bg5 Be7 9. Bxf6 Bxf6 10. Rb1 0-0 11. Nd5 Bd8 12. b4 Rb8 13. b5 Ne7 14. Nd2 f5 15. a4 c6 16. Nxe7+ Bxe7 17. 0-0 Kh8 18. Qe1 d5 19. cxd5 cxd5 20. d4 e4 21. e3 g5 22. f4 gxf4 23. gxf4 Rg8 24. Kh1 Qe6 25. Rg1 Qh6 26. Bf1 Bg4 27. Qf2 0-1

[Event "Perm op 06"]
[Site "Perm"]
[Date "2010.06.28"]
[Round "7"]
[White "Orekhov, Viktor"]
[Black "Ivanov, Rostislav"]
[Result "0-1"]
[WhiteElo "2256"]
[BlackElo "2272"]
[PlyCount "26"]
[EventDate "2010.06.21"]
[EventType "swiss"]
[EventRounds "9"]
[EventCountry "RUS"]
[SourceTitle "CBM 137 Extra"]
[Source "ChessBase"]
[SourceDate "2010.09.01"]
[SourceVersion "1"]
[SourceVersionDate "2010.09.01"]
[SourceQuality "1"]

1. d4 d5 2. c4 c6 3. Nf3 Nf6 4. cxd5 cxd5 5. Nc3 e6 6. Bg5 Be7 7. Qc2 Nc6 8. a3 0-0 9. e3 h6 10. Bh4 Ne8 11. Bd3 Bxh4 12. Nxh4 Qxh4 13. 0-0 f5 0-1

[Event "Perm op 04"]
[Site "Perm"]
[Date "2010.04.28"]
[Round "7"]
[White "Golenev, Robert"]
[Black "Orekhov, Viktor"]
[Result "0-1"]
[WhiteElo "2106"]
[BlackElo "2263"]
[PlyCount "165"]
[EventDate "2010.04.22"]
[EventType "swiss"]
[EventRounds "9"]
[EventCountry "RUS"]
[SourceTitle "EXT 2012"]
[Source "ChessBase"]
[SourceDate "2011.11.24"]
[SourceVersion "1"]
[SourceVersionDate "2011.11.24"]
[SourceQuality "1"]

1. d4 Nf6 2. Bg5 d5 3. c4 Ne4 4. Bh4 c6 5. Nc3 Qa5 6. cxd5 cxd5 7. Qb3 Nxc3 8. bxc3 Nc6 9. e3 e5 10. Nf3 e4 11. Nd2 Bd6 12. Be2 Rb8 13. Bg3 Bxg3 14. hxg3 0-0 15. f3 Be6 16. Kf2 f5 17. Rh4 g6 18. Rah1 Rf7 19. Rh6 b5 20. Kg1 Qc7 21. Kf2 Qd6 22. a3 a6 23. f4 Rc8 24. Qb2 Nb8 25. Nb3 Nd7 26. Ra1 Qc7 27. Rc1 Re7 28. Rhh1 Bf7 29. Qa2 Nb6 30. Nc5 Qa7 31. a4 Nxa4 32. Nxa4 bxa4 33. Qxa4 a5 34. Rc2 Rec7 35. Rhc1 Kg7 36. Ke1 Be8 37. Qa3 a4 38. Rb2 Qa5 39. Kd2 h5 40. Rb4 Ra7 41. Rcb1 Qc7 42. Rc1 Qe7 43. Kc2 Bd7 44. Kb2 h4 45. gxh4 Qxh4 46. Rb6 Be8 47. Qd6 a3+ 48. Ka2 Bf7 49. Qe5+ Kg8 50. Rb8 Ra8 51. Rxc8+ Rxc8 52. Kxa3 Qd8 53. Kb2 Ra8 54. Rb1 Qh4 55. Kc2 Ra2+ 56. Kb3 Ra8 57. Bb5 Qf2 58. Rb2 Qxe3 59. g4 Qh3 60. gxf5 Rc8 61. Rc2 Qxf5 62. Qd6 Qe6 63. Qxe6 Bxe6 64. Kb4 Kf7 65. Rh2 Kf6 66. Rh7 Bf7 67. Bd7 Rc7 68. Bg4 Rb7+ 69. Kc5 Rb3 70. Rh3 Rb2 71. Bd1 Rf2 72. Rh4 e3 73. c4 dxc4 74. d5 e2 75. Bxe2 Rxe2 76. Kxc4 Rd2 77. Kc3 Rd1 78. Rh2 Rxd5 79. Rh4 Rd7 80. Rg4 Kf5 81. Rh4 Ke4 82. Kc2 Kf3 83. Kc3 0-1

[Event "Perm op 04"]
[Site "Perm"]
[Date "2010.04.22"]
[Round "1"]
[White "Orekhov, Viktor"]
[Black "Losev, Anatoly"]
[Result "1-0"]
[WhiteElo "2263"]
[BlackElo "1898"]
[PlyCount "85"]
[EventDate "2010.04.22"]
[EventType "swiss"]
[EventRounds "9"]
[EventCountry "RUS"]
[SourceTitle "EXT 2012"]
[Source "ChessBase"]
[SourceDate "2011.11.24"]
[SourceVersion "1"]
[SourceVersionDate "2011.11.24"]
[SourceQuality "1"]

1. c4 d6 2. d4 g6 3. Nc3 Bg7 4. Nf3 Nd7 5. e4 c6 6. Be2 e5 7. Be3 Qc7 8. Qd2 b6 9. 0-0 exd4 10. Nxd4 Nc5 11. Rad1 Bd7 12. Nf3 Nb7 13. Bf4 Ne7 14. Bxd6 Nxd6 15. Qxd6 Qxd6 16. Rxd6 h6 17. Rfd1 Be6 18. R6d2 0-0 19. Nd4 Bc8 20. f4 Bb7 21. Bf3 Rab8 22. Nde2 Bc8 23. b3 Be6 24. g4 f5 25. gxf5 gxf5 26. e5 Bc8 27. Rd6 Bb7 28. Kf2 Kh7 29. Rd7 Ng6 30. Bh5 Rg8 31. Bxg6+ Kxg6 32. Rg1+ Kh7 33. Rgd1 Kh8 34. Ng3 Bf8 35. Nh5 Bc5+ 36. Kf3 Bb4 37. Nf6 c5+ 38. Ncd5 Rg7 39. Rxg7 Kxg7 40. Ke3 Ba3 41. Ne7 Bb2 42. Rd7 Bd4+ 43. Kd2 1-0

[Event "PriFR-ch Seniors"]
[Site "Izhevsk"]
[Date "2010.03.15"]
[Round "3"]
[White "Orekhov, Viktor"]
[Black "Ilkin, Albert"]
[Result "0-1"]
[WhiteElo "2263"]
[BlackElo "2134"]
[PlyCount "80"]
[EventDate "2010.03.13"]
[EventType "swiss"]
[EventRounds "9"]
[EventCountry "RUS"]
[SourceTitle "EXT 2012"]
[Source "ChessBase"]
[SourceDate "2011.11.24"]
[SourceVersion "1"]
[SourceVersionDate "2011.11.24"]
[SourceQuality "1"]

1. e4 c5 2. Nf3 d6 3. d4 cxd4 4. Nxd4 Nf6 5. Nc3 g6 6. Be2 Bg7 7. 0-0 0-0 8. Bg5 Nc6 9. Nb3 Be6 10. Kh1 Ne5 11. Rb1 Rc8 12. f4 Nc4 13. Bxc4 Bxc4 14. Re1 Re8 15. Qf3 b5 16. Rbd1 b4 17. Nb1 Qc7 18. N1d2 Be6 19. f5 Bxb3 20. cxb3 Nd7 21. Nc4 Ne5 22. Nxe5 Bxe5 23. Rf1 f6 24. fxg6 hxg6 25. Qh3 Rf8 26. Bd2 Qb7 27. Rf3 Qxe4 28. Re1 Qd5 29. Qh6 Qf7 30. Bxb4 Rc2 31. Bc3 Qh7 32. Qxh7+ Kxh7 33. Bxe5 dxe5 34. Rc3 Rxb2 35. a4 Kg7 36. h3 Rd8 37. Rc7 Kf7 38. Rxa7 Rdd2 39. b4 Rxb4 40. a5 Rbb2 0-1

[Event "Perm op 07"]
[Site "Perm"]
[Date "2009.07.22"]
[Round "2"]
[White "Karpenko, Alexander"]
[Black "Orekhov, Viktor"]
[Result "1-0"]
[WhiteElo "2166"]
[BlackElo "1878"]
[PlyCount "71"]
[EventDate "2009.07.21"]
[EventType "swiss"]
[EventRounds "9"]
[EventCountry "RUS"]
[SourceTitle "EXT 2012"]
[Source "ChessBase"]
[SourceDate "2011.11.24"]
[SourceVersion "1"]
[SourceVersionDate "2011.11.24"]
[SourceQuality "1"]

1. d4 d5 2. Nf3 Nf6 3. e3 c6 4. Be2 e6 5. 0-0 Bd6 6. a3 Nbd7 7. Nbd2 h5 8. c4 e5 9. dxe5 Nxe5 10. cxd5 cxd5 11. Nxe5 Bxe5 12. Nf3 Bc7 13. Nd4 Be6 14. Qc2 Rc8 15. Qd3 Kf8 16. Bd2 a6 17. Bb4+ Kg8 18. Nxe6 fxe6 19. Bc3 e5 20. Qf5 Qe8 21. Bd1 Rd8 22. Bb3 Rh6 23. Rad1 Kh8 24. Qf3 e4 25. Qf5 Qb5 26. Ba2 Qc6 27. Rc1 Qd6 28. g3 a5 29. Bxf6 gxf6 30. h4 Qb6 31. Bxd5 Be5 32. Qxe4 Qd6 33. Bxb7 Rg8 34. Rc8 Rxc8 35. Bxc8 Kg7 36. Qb7+ 1-0

[Event "Perm op 07"]
[Site "Perm"]
[Date "2009.07.21"]
[Round "1"]
[White "Orekhov, Viktor"]
[Black "Kohanov, Boris"]
[Result "1-0"]
[WhiteElo "2001"]
[BlackElo "2033"]
[PlyCount "79"]
[EventDate "2009.07.21"]
[EventType "swiss"]
[EventRounds "9"]
[EventCountry "RUS"]
[SourceTitle "EXT 2012"]
[Source "ChessBase"]
[SourceDate "2011.11.24"]
[SourceVersion "1"]
[SourceVersionDate "2011.11.24"]
[SourceQuality "1"]

1. e4 e6 2. d4 d5 3. exd5 exd5 4. Nf3 Bd6 5. c4 dxc4 6. Bxc4 Nf6 7. 0-0 0-0 8. Nc3 c6 9. Qc2 Nbd7 10. Re1 Nb6 11. Bb3 Bg4 12. Ne5 Bxe5 13. dxe5 Nfd5 14. Ne4 Bh5 15. Bg5 Qc7 16. Qd3 h6 17. Bh4 Bg6 18. Qg3 Kh7 19. Nd6 a5 20. f4 a4 21. Bd1 f5 22. Kh1 Nc8 23. Nxc8 Rfxc8 24. Qf2 Re8 25. Rc1 Bf7 26. Bc2 g6 27. a3 Be6 28. Bd3 Qb6 29. Qxb6 Nxb6 30. Bf2 Nd5 31. g3 Red8 32. Bc2 b6 33. Kg1 c5 34. Rcd1 Kg7 35. Re2 Nc7 36. Rd6 Bc4 37. Red2 Ne6 38. Rxd8 Rxd8 39. Rxd8 Nxd8 40. Bxa4 1-0

[Event "Perm op-A 03"]
[Site "Perm"]
[Date "2009.03.19"]
[Round "9"]
[White "Turov, Vladimir"]
[Black "Orekhov, Viktor"]
[Result "0-1"]
[WhiteElo "2115"]
[BlackElo "2293"]
[PlyCount "56"]
[EventDate "2009.03.11"]
[EventType "swiss"]
[EventRounds "9"]
[EventCountry "RUS"]
[SourceTitle "EXT 2022"]
[Source "ChessBase"]
[SourceDate "2021.10.06"]
[SourceVersion "1"]
[SourceVersionDate "2021.10.06"]
[SourceQuality "1"]

1. d4 Nf6 2. g3 e6 3. Bg2 c5 4. c4 cxd4 5. Qxd4 Nc6 6. Qd1 Bb4+ 7. Bd2 Qb6 8. Nf3 Ne4 9. 0-0 Bc5 10. Be1 Qxb2 11. Nfd2 Nxf2 12. Bxf2 Bxf2+ 13. Rxf2 Qxa1 14. Qc2 0-0 15. Nb3 Qe5 16. N1d2 a5 17. Nf3 Qe3 18. Nbd2 f5 19. Nf1 Qc5 20. e3 a4 21. Ne1 Ne5 22. Nd3 Nxd3 23. Qxd3 Ra6 24. h3 Rb6 25. Kh2 d6 26. Qc2 Bd7 27. e4 a3 28. Re2 Rb2 0-1

[Event "Perm op-A 03"]
[Site "Perm"]
[Date "2009.03.11"]
[Round "1"]
[White "Orekhov, Viktor"]
[Black "Ogorodov, Petr"]
[Result "1-0"]
[WhiteElo "2028"]
[BlackElo "2351"]
[PlyCount "65"]
[EventDate "2009.03.11"]
[EventType "swiss"]
[EventRounds "9"]
[EventCountry "RUS"]
[SourceTitle "EXT 2022"]
[Source "ChessBase"]
[SourceDate "2021.10.06"]
[SourceVersion "1"]
[SourceVersionDate "2021.10.06"]
[SourceQuality "1"]

1. e4 c5 2. Nf3 Nc6 3. d4 cxd4 4. Nxd4 Nf6 5. Nc3 e6 6. Ndb5 Bb4 7. a3 Bxc3+ 8. Nxc3 0-0 9. Be2 h6 10. Qd6 Qe7 11. Qg3 Kh7 12. e5 Nd5 13. Nb5 f5 14. c4 Nb6 15. 0-0 Qc5 16. b3 Qxe5 17. Qxe5 Nxe5 18. Bf4 d6 19. Nxd6 Nf7 20. Rfd1 Nxd6 21. Rxd6 Rf7 22. Rad1 Rd7 23. Bf3 Re7 24. Be3 e5 25. a4 e4 26. Bh5 Re6 27. a5 g6 28. axb6 gxh5 29. bxa7 Kg6 30. Rd8 b6 31. h4 Bb7 32. Rxa8 Bxa8 33. Rd8 1-0

[Event "Moscow op-D (Seniors)"]
[Site "Moscow"]
[Date "2009.02.07"]
[Round "9.23"]
[White "Orekhov, Viktor"]
[Black "Mosionzhik, Ilya Samoilovich"]
[Result "1-0"]
[WhiteElo "2276"]
[BlackElo "2172"]
[PlyCount "67"]
[EventDate "2009.01.30"]
[EventType "swiss"]
[EventRounds "9"]
[EventCountry "RUS"]
[SourceTitle "EXT 2023"]
[Source "ChessBase"]
[SourceDate "2022.10.05"]
[SourceVersion "1"]
[SourceVersionDate "2022.10.05"]
[SourceQuality "1"]

1. e4 e5 2. Nf3 d6 3. d4 exd4 4. Nxd4 Be7 5. Nc3 Nf6 6. g3 Bg4 7. f3 Bd7 8. Be3 Qc8 9. Qd2 a6 10. a4 Nc6 11. Be2 0-0 12. g4 Nxd4 13. Bxd4 Bc6 14. h4 Nd7 15. g5 f6 16. Bc4+ Kh8 17. Be6 Qd8 18. 0-0-0 Ne5 19. Qg2 Bd7 20. Bxd7 Qxd7 21. f4 Nc6 22. Be3 f5 23. Rhe1 fxe4 24. Nxe4 b5 25. Nc5 Qc8 26. Qxc6 dxc5 27. h5 bxa4 28. h6 Bd6 29. hxg7+ Kxg7 30. Bxc5 Bxf4+ 31. Kb1 Rf7 32. Bd4+ Kf8 33. g6 hxg6 34. Rh1 1-0

[Event "Perm op-B 11"]
[Site "Perm"]
[Date "2008.11.26"]
[Round "7"]
[White "Orekhov, Viktor"]
[Black "Dragunov, Viacheslav"]
[Result "1/2-1/2"]
[WhiteElo "2280"]
[BlackElo "2265"]
[PlyCount "56"]
[EventDate "2008.11.20"]
[EventType "swiss"]
[EventRounds "7"]
[EventCountry "RUS"]
[SourceTitle "EXT 2022"]
[Source "ChessBase"]
[SourceDate "2021.10.06"]
[SourceVersion "1"]
[SourceVersionDate "2021.10.06"]
[SourceQuality "1"]

1. e4 d6 2. d4 Nf6 3. Nc3 g6 4. f4 Bg7 5. Nf3 c5 6. Bb5+ Nfd7 7. dxc5 Bxc3+ 8. bxc3 Qa5 9. Bxd7+ Nxd7 10. Qd4 e5 11. fxe5 dxc5 12. Qd6 Qxc3+ 13. Kf2 Qxc2+ 14. Kg3 Qc4 15. Bh6 Qe6 16. Rad1 Qxd6 17. Rxd6 a5 18. Rf1 Rg8 19. e6 fxe6 20. Bg5 Ra6 21. Rxa6 bxa6 22. Rd1 h6 23. Bxh6 Nf6 24. Kf4 e5+ 25. Nxe5 g5+ 26. Ke3 Ke7 27. h3 Bb7 28. g4 Bxe4 1/2-1/2